[Event "Leutersdorf Muench Braeu op 09th"]
[Site "Leutersdorf"]
[Date "2004.02.11"]
[Round "8"]
[White "Schindler, Jonas"]
[Black "Haeusler, Felix"]
[Result "1-0"]
[WhiteElo "1954"]
[BlackElo "1402"]
[PlyCount "143"]
[EventDate "2004.02.07"]
[EventType "swiss"]
[EventRounds "9"]
[EventCountry "GER"]
[SourceTitle "CBM 098 Extra"]
[Source "ChessBase"]
[SourceDate "2004.03.10"]
[SourceVersion "2"]
[SourceVersionDate "2004.03.10"]
[SourceQuality "1"]

1. e4 e5 2. Nf3 Nc6 3. Bc4 Nf6 4. d4 exd4 5. e5 d5 6. Bb5 Nd7 7. Nxd4 Nxd4 8. Qxd4 c6 9. Be2 Bc5 10. Qf4 0-0 11. Qg3 Bd4 12. f4 f6 13. c3 Bb6 14. e6 Nc5 15. f5 Ne4 16. Qf4 Bf2+ 17. Kf1 Qb6 18. Nd2 Be3 19. Nc4 Bxc1 20. Rxc1 Qd8 21. Nd2 Nxd2+ 22. Qxd2 Qc7 23. Re1 Re8 24. g4 Bxe6 25. fxe6 Rxe6 26. Kg2 Qf7 27. Bf3 Rae8 28. Rxe6 Qxe6 29. Kf2 h6 30. Re1 Qxe1+ 31. Qxe1 Rxe1 32. Kxe1 Kf7 33. Ke2 Ke6 34. Ke3 Ke5 35. Bg2 g5 36. Bf1 c5 37. Bd3 b6 38. Bf5 h5 39. h3 h4 40. b4 a5 41. a3 axb4 42. cxb4 c4 43. a4 d4+ 44. Kd2 Kd5 45. a5 bxa5 46. bxa5 Kc5 47. a6 Kb6 48. Bc8 c3+ 49. Kd3 Ka7 50. Bf5 c2 51. Kxc2 Kxa6 52. Kd3 Kb6 53. Kxd4 Kc6 54. Ke4 Kd6 55. Bc8 Ke7 56. Kf5 Kf7 57. Be6+ Kg7 58. Bc4 Kh7 59. Kxf6 Kh6 60. Bb3 Kh7 61. Kxg5 Kg7 62. Kxh4 Kh6 63. g5+ Kg6 64. Bc2+ Kg7 65. Kg4 Kf7 66. h4 Kg7 67. h5 Kf7 68. h6 Kg8 69. g6 Kh8 70. Kh5 Kg8 71. g7 Kf7 72. Bb3+ 1-0

[Event "Leutersdorf Muench Braeu op 09th"]
[Site "Leutersdorf"]
[Date "2004.02.10"]
[Round "7"]
[White "Nagel, Gerhard"]
[Black "Schindler, Jonas"]
[Result "1/2-1/2"]
[WhiteElo "2040"]
[BlackElo "1954"]
[PlyCount "54"]
[EventDate "2004.02.07"]
[EventType "swiss"]
[EventRounds "9"]
[EventCountry "GER"]
[SourceTitle "CBM 098 Extra"]
[Source "ChessBase"]
[SourceDate "2004.03.10"]
[SourceVersion "2"]
[SourceVersionDate "2004.03.10"]
[SourceQuality "1"]

1. e4 c5 2. Nf3 d6 3. d4 cxd4 4. Nxd4 Nf6 5. Nc3 a6 6. a4 e5 7. Nf3 Be7 8. Bc4 0-0 9. 0-0 Bd7 10. Re1 Bc6 11. Nd5 Nxd5 12. Bxd5 Nd7 13. a5 Nf6 14. c4 Rc8 15. Qd3 Nxd5 16. cxd5 Bb5 17. Qe3 Qd7 18. Bd2 f5 19. exf5 Qxf5 20. Rac1 Qf7 21. Bb4 Qxd5 22. Rxc8 Rxc8 23. Nxe5 dxe5 24. Bxe7 Bc6 25. Qg3 Qxa5 26. Qxe5 Qxe5 27. Rxe5 Re8 1/2-1/2

[Event "Leutersdorf Muench Braeu op 09th"]
[Site "Leutersdorf"]
[Date "2004.02.09"]
[Round "6"]
[White "Schindler, Jonas"]
[Black "Urlass, Bernd"]
[Result "1/2-1/2"]
[WhiteElo "1954"]
[BlackElo "1903"]
[PlyCount "42"]
[EventDate "2004.02.07"]
[EventType "swiss"]
[EventRounds "9"]
[EventCountry "GER"]
[SourceTitle "CBM 098 Extra"]
[Source "ChessBase"]
[SourceDate "2004.03.10"]
[SourceVersion "2"]
[SourceVersionDate "2004.03.10"]
[SourceQuality "1"]

1. e4 e6 2. d4 d5 3. Nc3 Bb4 4. e5 c5 5. a3 Bxc3+ 6. bxc3 Ne7 7. Qg4 0-0 8. Bd3 f5 9. exf6 Rxf6 10. Bg5 Rf7 11. Qh4 h6 12. Bd2 Nbc6 13. Nf3 Qf8 14. 0-0 Bd7 15. Qg3 c4 16. Be2 Rf6 17. Ne5 Nxe5 18. Qxe5 Nf5 19. Kh1 Nd6 20. f4 Ne4 21. Be1 Rc8 1/2-1/2

[Event "Leutersdorf Muench Braeu op 09th"]
[Site "Leutersdorf"]
[Date "2004.02.08"]
[Round "4"]
[White "Schindler, Jonas"]
[Black "Nguyen, Hoa My"]
[Result "0-1"]
[WhiteElo "1954"]
[BlackElo "1577"]
[PlyCount "56"]
[EventDate "2004.02.07"]
[EventType "swiss"]
[EventRounds "9"]
[EventCountry "GER"]
[SourceTitle "CBM 098 Extra"]
[Source "ChessBase"]
[SourceDate "2004.03.10"]
[SourceVersion "2"]
[SourceVersionDate "2004.03.10"]
[SourceQuality "1"]

1. e4 c5 2. d4 cxd4 3. c3 dxc3 4. Nxc3 Nc6 5. Nf3 d6 6. Bc4 e6 7. 0-0 Nf6 8. Qe2 Be7 9. Rd1 e5 10. b4 Bg4 11. Be3 0-0 12. a3 Rc8 13. Rac1 a6 14. h3 Bh5 15. g4 Bg6 16. Bg5 h5 17. Bxf6 Bxf6 18. Qe3 hxg4 19. hxg4 Nd4 20. Bd5 b5 21. Bb7 Rc7 22. Bxa6 Qd7 23. Nh2 Ra8 24. Bxb5 Nxb5 25. Nd5 Rxc1 26. Rxc1 Bd8 27. Ra1 Nd4 28. Qd3 Qc6 0-1

[Event "Leutersdorf Muench Braeu op 09th"]
[Site "Leutersdorf"]
[Date "2004.02.08"]
[Round "3"]
[White "Slawtschew, Slavtscho"]
[Black "Schindler, Jonas"]
[Result "1-0"]
[WhiteElo "1676"]
[BlackElo "1954"]
[PlyCount "67"]
[EventDate "2004.02.07"]
[EventType "swiss"]
[EventRounds "9"]
[EventCountry "GER"]
[SourceTitle "CBM 098 Extra"]
[Source "ChessBase"]
[SourceDate "2004.03.10"]
[SourceVersion "2"]
[SourceVersionDate "2004.03.10"]
[SourceQuality "1"]

1. e4 c5 2. Nf3 d6 3. d4 cxd4 4. Nxd4 Nf6 5. Nc3 a6 6. Be3 Nc6 7. Be2 e5 8. Nb3 Be7 9. 0-0 Be6 10. Nd5 Bxd5 11. exd5 Na7 12. c4 0-0 13. Nd2 Nd7 14. Kh1 f5 15. f4 e4 16. g4 g6 17. Rg1 Kh8 18. g5 Rf7 19. Qc2 Bf8 20. h4 Bg7 21. Rg2 Kg8 22. Nb3 Qc7 23. Nd4 Nf8 24. Rc1 b6 25. b4 Rc8 26. c5 bxc5 27. Ne6 Nxe6 28. dxe6 Re7 29. Bxa6 Rd8 30. Rd2 d5 31. Qxc5 Qxc5 32. Bxc5 Rxe6 33. Bc4 e3 34. Rxd5 1-0

[Event "Leutersdorf Muench Braeu op 08th"]
[Site "Leutersdorf"]
[Date "2003.02.13"]
[Round "4"]
[White "Pohl, Holger"]
[Black "Schindler, Jonas"]
[Result "0-1"]
[WhiteElo "1085"]
[BlackElo "1658"]
[PlyCount "91"]
[EventDate "2003.02.12"]
[EventType "swiss"]
[EventRounds "9"]
[EventCountry "GER"]
[SourceTitle "CBM 092 Extra"]
[Source "ChessBase"]
[SourceDate "2003.03.07"]
[SourceVersion "1"]
[SourceVersionDate "2003.03.07"]
[SourceQuality "1"]

1. e4 c5 2. Nf3 d6 3. Nc3 a6 4. Bc4 e6 5. d4 b5 6. Be2 cxd4 7. Nxd4 Nf6 8. Bg5 Be7 9. a3 Bb7 10. Bd3 0-0 11. 0-0 Nbd7 12. Bxf6 Nxf6 13. f3 Qb6 14. Nce2 e5 15. c3 exd4 16. Nxd4 d5 17. e5 Nd7 18. f4 Bc5 19. Kh1 Bxd4 20. cxd4 f5 21. Bc2 Rac8 22. Bb3 Rfe8 23. Qd3 Qg6 24. Qf3 Qf7 25. Rac1 Nf8 26. Rc3 Rxc3 27. bxc3 Ng6 28. g3 Rc8 29. Re1 Qe6 30. Rc1 Nf8 31. Rc2 Qd7 32. Kg2 Ne6 33. Kf2 g6 34. h3 a5 35. h4 b4 36. a4 bxc3 37. Rxc3 Rxc3 38. Qxc3 Qc7 39. Qf3 Qc6 40. Qd3 Ba6 41. Qf3 Bc4 42. Qc3 Nxd4 43. Bc2 Nxc2 44. Qxc2 Qc5+ 45. Ke1 Qe3+ 46. Kd1 0-1

[Event "Leutersdorf Muench Braeu op 08th"]
[Site "Leutersdorf"]
[Date "2003.02.13"]
[Round "3"]
[White "Schindler, Jonas"]
[Black "Ranft, Steffen"]
[Result "0-1"]
[WhiteElo "1658"]
[BlackElo "2066"]
[PlyCount "90"]
[EventDate "2003.02.12"]
[EventType "swiss"]
[EventRounds "9"]
[EventCountry "GER"]
[SourceTitle "CBM 092 Extra"]
[Source "ChessBase"]
[SourceDate "2003.03.07"]
[SourceVersion "1"]
[SourceVersionDate "2003.03.07"]
[SourceQuality "1"]

1. e4 c5 2. Nf3 Nc6 3. d4 cxd4 4. Nxd4 Nf6 5. Nc3 e5 6. Ndb5 d6 7. Na3 a6 8. Bg5 b5 9. Nd5 Qa5+ 10. Qd2 Qxd2+ 11. Kxd2 Nxd5 12. exd5 Ne7 13. Bxe7 Bxe7 14. c4 bxc4 15. Bxc4 Bb7 16. Nc2 0-0 17. h4 Rfc8 18. b3 Bd8 19. Ne3 g6 20. g4 a5 21. a4 Bb6 22. Ke2 Bd4 23. Rad1 Rf8 24. h5 Bc8 25. f3 Ra7 26. Rh2 Rc7 27. Rdh1 Re8 28. Kd3 Ree7 29. Nf1 f5 30. hxg6 fxg4 31. gxh7+ Rxh7 32. Rxh7 Rxh7 33. Rxh7 Kxh7 34. fxg4 Bxg4 35. Ng3 Bc5 36. Ne4 Bf5 37. Bb5 Kg7 38. Be8 Kf8 39. Bh5 Ke7 40. Bf3 Bb4 41. Bh5 Kd7 42. Bf3 Kc7 43. Kc4 Kb6 44. Kd3 Bc8 45. Bg4 Bxg4 0-1

[Event "Leutersdorf Muench Braeu op 08th"]
[Site "Leutersdorf"]
[Date "2003.02.12"]
[Round "2"]
[White "Drossel, Christoph"]
[Black "Schindler, Jonas"]
[Result "0-1"]
[WhiteElo "1366"]
[BlackElo "1658"]
[PlyCount "64"]
[EventDate "2003.02.12"]
[EventType "swiss"]
[EventRounds "9"]
[EventCountry "GER"]
[SourceTitle "CBM 092 Extra"]
[Source "ChessBase"]
[SourceDate "2003.03.07"]
[SourceVersion "1"]
[SourceVersionDate "2003.03.07"]
[SourceQuality "1"]

1. c4 Nf6 2. Nc3 g6 3. Nf3 Bg7 4. g3 d6 5. Bg2 0-0 6. 0-0 Nbd7 7. d3 c6 8. Qb3 Qc7 9. Bg5 h6 10. Bf4 e5 11. Be3 Kh7 12. d4 Ng4 13. dxe5 Ndxe5 14. Bf4 Be6 15. Bxe5 Nxe5 16. Nxe5 dxe5 17. Ne4 b5 18. Nd2 bxc4 19. Qc3 e4 20. Qc2 f5 21. Rab1 Rab8 22. Rfc1 Rb4 23. a3 Rb6 24. Nxc4 Bxc4 25. Qxc4 Bxb2 26. Qc5 Rfb8 27. Rxb2 Rxb2 28. Qxc6 Qxc6 29. Rxc6 Rxe2 30. Rc7+ Kg8 31. Rxa7 Rb1+ 32. Bf1 Ree1 0-1

[Event "Leutersdorf Muench Braeu op 08th"]
[Site "Leutersdorf"]
[Date "2003.02.12"]
[Round "1"]
[White "Schindler, Jonas"]
[Black "Becker, Martin Alexander"]
[Result "0-1"]
[WhiteElo "1658"]
[BlackElo "2187"]
[PlyCount "40"]
[EventDate "2003.02.12"]
[EventType "swiss"]
[EventRounds "9"]
[EventCountry "GER"]
[SourceTitle "CBM 092 Extra"]
[Source "ChessBase"]
[SourceDate "2003.03.07"]
[SourceVersion "1"]
[SourceVersionDate "2003.03.07"]
[SourceQuality "1"]

1. e4 c5 2. Nf3 d6 3. d4 cxd4 4. Nxd4 Nf6 5. Nc3 a6 6. Bg5 e6 7. f4 Qb6 8. Bxf6 gxf6 9. Rb1 Nc6 10. Nxc6 bxc6 11. Qd2 Rb8 12. Bd3 c5 13. f5 Rg8 14. Rf1 Be7 15. g3 Rg5 16. Qf4 Bb7 17. Qh4 h5 18. Bc4 Qb4 19. Bb3 Rg4 20. Qxh5 Rxe4+ 0-1